Zmiany strukturalne podmiotów gospodarczych Podkarpacia

Gespeichert in:
Bibliographische Detailangaben
1. Verfasser: Dziechciarz, Tomasz
Weitere Verfasser: Iskra, Mariusz, 1980-
Format: Buchkapitel
Sprache:Polnisch
Schlagworte:
Tags: Tag hinzufügen
Keine Tags, Fügen Sie das erste Tag hinzu!

MARC

LEADER 00000naa$a2200000$$$4500
001 0223517
005 20240502083555.8
041 0 |a pol 
044 |a PL 
245 1 0 |a Zmiany strukturalne podmiotów gospodarczych Podkarpacia  |c Tomasz Dziechciarz, Mariusz Iskra 
610 2 0 |a Poľsko 
610 2 0 |a regióny 
610 2 0 |a zmeny štruktúrne 
610 2 0 |a priemysel 
610 2 0 |a ukazovatele ekonomické 
100 1 |a Dziechciarz, Tomasz 
700 1 |a Iskra, Mariusz, 1980-